|
|
|
|
| LEADER |
00000nam0a2200000 4500 |
| 001 |
106818 |
| 005 |
20231031115038.0 |
| 035 |
|
|
|a (RuTPU)RU\TPU\book\115354
|
| 090 |
|
|
|a 106818
|
| 100 |
|
|
|a 20061214d2006 k y0rusy50 ca
|
| 101 |
0 |
|
|a rus
|
| 102 |
|
|
|a RU
|
| 105 |
|
|
|a a dm 001zy
|
| 200 |
1 |
|
|a Формирование конкурентных отношений и конкурентоспособности экономических систем
|e автореферат диссертации на соискание ученой степени кандидата экономических наук
|e спец. 08.00.01
|f Е. Ю. Леванова
|g Чувашский государственный университет; науч. рук. Т. В. Погодина
|
| 210 |
|
|
|a Йошкар-Ола
|c [Б. и.]
|d 2006
|
| 215 |
|
|
|a 23 с.
|c ил.
|
| 300 |
|
|
|a Защита сост. 20.10.2006 г.
|
| 320 |
|
|
|a Библиогр.: с. 23 (5 назв.).
|
| 610 |
1 |
|
|a экономика
|
| 610 |
1 |
|
|a экономическая теория
|
| 610 |
1 |
|
|a макроэкономика
|
| 610 |
1 |
|
|a экономические системы
|
| 610 |
1 |
|
|a конкуренция
|
| 610 |
1 |
|
|a конкурентоспособность
|
| 610 |
1 |
|
|a авторефераты диссертаций
|
| 686 |
|
|
|a У012.2
|v LBC/SL-A
|2 rubbk
|
| 686 |
|
|
|a 08.00.01
|2 oksvnk
|
| 700 |
|
1 |
|a Леванова
|b Е. Ю.
|g Елена Юрьевна
|
| 702 |
|
1 |
|a Погодина
|b Т. В.
|g Татьяна Витальевна
|4 727
|
| 712 |
0 |
2 |
|a Чувашский государственный университет
|2 stltpush
|3 (RuTPU)RU\TPU\col\299
|
| 801 |
|
1 |
|a RU
|b 63413507
|c 20061214
|g PSBO
|
| 801 |
|
2 |
|a RU
|b 63413507
|c 20070123
|g PSBO
|
| 942 |
|
|
|c BK
|